000
00320nam a22001457a 4500
008
221205b ||||| |||| 00| 0 eng d
020
_a
9780077496388
041
_a
eng
080
_a
159.9
082
_a
159.9KIN
100
_a
24.1
101
_a
PSI
245
_a
EXPERIENCE PSYCHOLOGY
_c
KING. A. L
942
_2
udc
_c
BK
999
_c
59102
_d
59102